All Pokémon with Cute Charm - Statistics

General Stats
  • This quiz has been taken 9 times
  • The average score is 9 of 15
Answer Stats
(Avail)ability Pokémon % Correct
First Ability Minccino
100%
First Ability Clefable
71%
First Ability Clefairy
71%
First Ability Cleffa
71%
First Ability Delcatty
71%
First Ability Jigglypuff
71%
First Ability Skitty
71%
First Ability Wigglytuff
71%
First Ability Cinccino
57%
First Ability Igglybuff
57%
First Ability Sylveon
57%
First Ability Lopunny
43%
Hidden Ability Milotic
43%
First Ability Enamorus (Incarnate Forme)
14%
Hidden Ability Stufful
14%
No matching quizzes found
Score Distribution
Percent of People with Each Score
Percentile by Number Answered
Your Score History
You have not taken this quiz